Least Used MBTA Stations by Line - Statistics

General Stats
  • This quiz has been taken 16 times
  • The average score is 7 of 11
Answer Stats
Hint Answer % Correct
Orange Line Green Street
79%
Green Line (E Branch) Back of the Hill
71%
Red Line (both branches) Broadway
71%
Red Line (Ashmont Branch) Shawmut
71%
Blue Line Suffolk Downs
71%
Red Line (Ashmont-Mattapan High Speed Line) Valley Road
71%
Green Line (D Branch) Waban
71%
Green Line (B Branch) South Street
64%
Red Line (Braintree Branch) Wollaston
64%
Green Line (fare control; D and E Branches) Science Park / West End
57%
Green Line (C Branch) Hawes Street
43%
No matching quizzes found
Score Distribution
Percent of People with Each Score
Percentile by Number Answered
Your Score History
You have not taken this quiz